| 000 | 00627cam a2200217ua 4500 | ||
|---|---|---|---|
| 001 | 10108 | ||
| 008 | 170330n ii |||gr||||Z||||||eng | ||
| 020 | _a9789384303136 | ||
| 040 | _cMAIN | ||
| 041 | _aeng | ||
| 082 | _a354.2794 | ||
| 100 |
_aSarma, Anita, _eAuthor., |
||
| 245 |
_aRural development : _bissues and perspectives / _cBy Anita Sarma, Moushumi Bordoloi and A Machey . |
||
| 250 | _a1st ed./rep. | ||
| 260 |
_aDibrugarh: _bMahaveer, _c2017. |
||
| 300 | _a143p. | ||
| 653 | _aAdministration of economy & environment | ||
| 700 |
_aBordoloi, Moushumi, _eAuthor. |
||
| 700 |
_aMachey, A., _eAuthor. |
||
| 942 | _cBK | ||
| 999 |
_c9107 _d9107 |
||